Detalles MARC
| 000 -CABECERA |
| campo de control de longitud fija |
01782nam a2200349 i 4500 |
| 001 - NÚMERO DE CONTROL |
| campo de control |
000026382 |
| 003 - IDENTIFICADOR DEL NÚMERO DE CONTROL |
| campo de control |
DO-SdBNP |
| 005 - FECHA Y HORA DE LA ÚLTIMA TRANSACCIÓN |
| campo de control |
20240509153156.0 |
| 007 - CAMPO FIJO DE DESCRIPCIÓN FÍSICA--INFORMACIÓN GENERAL |
| campo de control de longitud fija |
ta |
| 008 - DATOS DE LONGITUD FIJA--INFORMACIÓN GENERAL |
| campo de control de longitud fija |
110315s1999 dr ac 001 0 spa d |
| 040 ## - FUENTE DE LA CATALOGACIÓN |
| Centro catalogador/agencia de origen |
DO-SdBNP |
| Lengua de catalogación |
spa |
| Centro/agencia transcriptor |
BNPHU |
| Normas de descripción |
rda |
| 082 #4 - NÚMERO DE LA CLASIFICACIÓN DECIMAL DEWEY |
| Número de clasificación |
972.9342 |
| Número de documento/Ítem |
F475d |
| Número de edición |
22 |
| 100 1# - ENTRADA PRINCIPAL--NOMBRE DE PERSONA |
| Nombre de persona |
Figuereo Agramonte, Leopoldo, |
| Fechas asociadas al nombre |
1953- |
| 9 (RLIN) |
53408 |
| Término indicativo de función/relación |
autor |
| 245 10 - MENCIÓN DE TÍTULO |
| Título |
De Liborio a Palma Sola / |
| Mención de responsabilidad, etc. |
Leopoldo Figuereo Agramonte. |
| 264 ## - PRODUCCIÓN, PUBLICACIÓN, DISTRIBUCIÓN, FABRICACIÓN Y COPYRIGHT |
| Producción, publicación, distribución, fabricación y copyright |
San Juan de la Maguana, República Dominicana : |
| Nombre del de productor, editor, distribuidor, fabricante |
Logos, |
| Fecha de producción, publicación, distribución, fabricación o copyright |
1999. |
| 300 ## - DESCRIPCIÓN FÍSICA |
| Extensión |
212 páginas : |
| Otras características físicas |
ilustraciones, retratos; |
| Dimensiones |
21 cm. |
| 336 ## - TIPO DE CONTENIDO |
| Fuente |
rdacontent |
| Término de tipo de contenido |
texto |
| Código de tipo de contenido |
txt |
| 337 ## - TIPO DE MEDIO |
| Fuente |
rdamedia |
| Nombre/término del tipo de medio |
sin mediación |
| Código del tipo de medio |
n |
| 338 ## - TIPO DE SOPORTE |
| Fuente |
rdacarrier |
| Nombre/término del tipo de soporte |
volumen |
| Código del tipo de soporte |
nc |
| 500 ## - NOTA GENERAL |
| Nota general |
Incluye datos biográficos del autor en la contracubierta. |
| 504 ## - NOTA DE BIBLIOGRAFÍA, ETC. |
| Nota de bibliografía, etc. |
Bibliografía : p. 209-212. |
| 505 0# - NOTA DE CONTENIDO CON FORMATO |
| Nota de contenido con formato |
Prólogo -- |
| Información miscelánea |
Capítulo 1-- |
| Título |
La ciudad heroica -- |
| Información miscelánea |
Capítulo 2-- |
| Título |
Los amos del valle -- |
| Información miscelánea |
Capítulo 3-- |
| Título |
El cimarron de la cordillera -- |
| Información miscelánea |
Capítulo 4-- |
| Título |
La pugna militar -- |
| Información miscelánea |
Capítulo 5-- |
| Título |
Espiritualidad palmasoleña -- |
| Información miscelánea |
Capítulo 6-- |
| Título |
La revelación de los quemados -- |
| Información miscelánea |
Capítulo 7-- |
| Título |
El presagio -- |
| Información miscelánea |
Capítulo 8-- |
| Título |
Mataron al General -- |
| Información miscelánea |
Capítulo 9-- |
| Título |
Tratamiento periodístico del genocidio -- |
| Información miscelánea |
Capítulo 10-- |
| Título |
Entre el dolor, amor y la esperanza . |
| 590 ## - NOTA LOCAL (RLIN) |
| Nota local |
Inventariado, 2019/MFF |
| 600 14 - PUNTO DE ACCESO ADICIONAL DE MATERIA--NOMBRE DE PERSONA |
| Nombre de persona |
Mateo Ledesma, Liborio |
| Fechas asociadas al nombre |
1978-1922 |
| 9 (RLIN) |
53409 |
| 650 #4 - PUNTO DE ACCESO ADICIONAL DE MATERIA--TÉRMINO DE MATERIA |
| Término de materia o nombre geográfico como elemento de entrada |
Masacres |
| Subdivisión geográfica |
República Dominicana. |
| -- |
Palma Sola (San Juan) |
| 9 (RLIN) |
53410 |
| 651 #4 - PUNTO DE ACCESO ADICIONAL DE MATERIA--NOMBRE GEOGRÁFICO |
| Nombre geográfico |
República Dominicana |
| Subdivisión general |
Historia |
| 9 (RLIN) |
170 |
| 651 #4 - PUNTO DE ACCESO ADICIONAL DE MATERIA--NOMBRE GEOGRÁFICO |
| Nombre geográfico |
San Juan de la Maguana (República Dominicana) |
| 9 (RLIN) |
11181 |
| 651 #4 - PUNTO DE ACCESO ADICIONAL DE MATERIA--NOMBRE GEOGRÁFICO |
| Nombre geográfico |
Palma Sola (San Juan, República Dominicana) |
| 9 (RLIN) |
53411 |
| 651 #4 - PUNTO DE ACCESO ADICIONAL DE MATERIA--NOMBRE GEOGRÁFICO |
| Nombre geográfico |
República Dominicana |
| Subdivisión general |
Historia |
| Subdivisión cronológica |
Revolución, 1965 |
| 9 (RLIN) |
2167 |
| 910 ## - DATOS DE OPCIÓN DEL USUARIO (OCLC) |
| Datos de opción del usuario |
Validado. Control de calidad EMS |
| 942 ## - ELEMENTOS DE PUNTO DE ACCESO ADICIONAL (KOHA) |
| Fuente del sistema de clasificación o colocación |
Dewey Decimal Classification |
| Tipo de ítem Koha |
Libro |